|
|
|
|
| LEADER |
00633cam a2200157 7i4500 |
| 001 |
0000022901 |
| 005 |
20090625090000.0 |
| 090 |
0 |
0 |
|a MAT 344.042
|b oLAW
|
| 245 |
0 |
0 |
|a Laws of Malaysia Act 490 Malaysia External Trade Development Corporation Act 1992 =
|l Undang - undang Malaysia Akta 490 Akta Perbadanan Pembangunan Perdagangan Luar Malaysia 1992.
|
| 260 |
0 |
0 |
|a Kuala Lumpur:
|b [s.n],
|c 1992.
|
| 300 |
# |
# |
|a [v.p].
|
| 440 |
0 |
0 |
|a Laws of Malaysia
|
| 650 |
0 |
0 |
|a Law and legislation --
|z Malaysia
|
| 651 |
0 |
0 |
|a Malaysia
|
| 999 |
|
|
|a 0000022585
|b Book
|c Malaysia
|e Business Information Centre
|
| 999 |
|
|
|a 0000022584
|b Book
|c Malaysia
|e Business Information Centre
|